MARC details
| 000 -LEADER |
| fixed length control field |
03624nam a2200421Ia 4500 |
| 001 - CONTROL NUMBER |
| control field |
bslw09340701 |
| 003 - CONTROL NUMBER IDENTIFIER |
| control field |
UtOrBLW |
| 005 - DATE AND TIME OF LATEST TRANSACTION |
| control field |
20210303085052.0 |
| 006 - FIXED-LENGTH DATA ELEMENTS--ADDITIONAL MATERIAL CHARACTERISTICS |
| fixed length control field |
m o d |
| 007 - PHYSICAL DESCRIPTION FIXED FIELD--GENERAL INFORMATION |
| fixed length control field |
cr un||||||||| |
| 008 - FIXED-LENGTH DATA ELEMENTS--GENERAL INFORMATION |
| fixed length control field |
150526s2015 enk ob 000 0 eng d |
| 020 ## - INTERNATIONAL STANDARD BOOK NUMBER |
| International Standard Book Number |
9781784416317 (electronic bk.) : |
| Terms of availability |
£87.95 ; É121.95 ; $154.95 |
| 040 ## - CATALOGING SOURCE |
| Original cataloging agency |
UtOrBLW |
| 050 #4 - LIBRARY OF CONGRESS CALL NUMBER |
| Classification number |
JV6035 |
| Item number |
.I46 2015 |
| 072 #7 - SUBJECT CATEGORY CODE |
| Subject category code |
JHBL |
| Source |
bicssc |
| 072 #7 - SUBJECT CATEGORY CODE |
| Subject category code |
JFFN |
| Source |
bicssc |
| 072 #7 - SUBJECT CATEGORY CODE |
| Subject category code |
SOC007000 |
| Source |
bisacsh |
| 072 #7 - SUBJECT CATEGORY CODE |
| Subject category code |
SOC026000 |
| Source |
bisacsh |
| 080 ## - UNIVERSAL DECIMAL CLASSIFICATION NUMBER |
| Universal Decimal Classification number |
304 |
| 082 04 - DEWEY DECIMAL CLASSIFICATION NUMBER |
| Classification number |
304.8 |
| Edition number |
23 |
| 245 00 - TITLE STATEMENT |
| Title |
Immigration and work |
| Medium |
[electronic resource] / |
| Statement of responsibility, etc. |
edited by Jody Agius Vallejo. |
| 260 ## - PUBLICATION, DISTRIBUTION, ETC. |
| Place of publication, distribution, etc. |
Bingley, U.K. : |
| Name of publisher, distributor, etc. |
Emerald, |
| Date of publication, distribution, etc. |
2015. |
| 300 ## - PHYSICAL DESCRIPTION |
| Extent |
1 online resource (450 p.) |
| 490 1# - SERIES STATEMENT |
| Series statement |
Research in the sociology of work, |
| International Standard Serial Number |
0277-2833 ; |
| Volume/sequential designation |
v. 27 |
| 504 ## - BIBLIOGRAPHY, ETC. NOTE |
| Bibliography, etc. note |
Includes bibliographical references. |
| 505 0# - FORMATTED CONTENTS NOTE |
| Formatted contents note |
Central American immigrant workers : how legal status shapes the labor market experience / Cecilia Menjívar -- Between support and shame : the impacts of workplace violations for immigrant families / Shannon Gleeson -- Intersectional differences in segmented assimilation : skill and gender in the context of reception / Zulema Valdez -- Economic progress, stagnation or decline? : occupational mobility of non-EU immigrants in Europe / Sonia Pereira, Erik Snel, Margrietha 't Hart -- Labor union activity and the civic participation of latino immigrant workers / Veronica Terriquez -- Embedded solidarity : International migrant labor advocacy in South Korea / Joon Kim -- Transnational entrepreneurship and immigrant integration : new Chinese immigrants in Singapore and the United States / Min Zhou, Hong Liu -- Adaptation and return among Israeli enclave and infotech entrepreneurs / Steven Gold -- Franchising ethnic entrepreneurship : immigrant business owners and an alternative economic model / Pawan Dhingra, Jennifer Parker -- A new gendered occupational niche: latina pathways into the teaching profession / glenda flores,pierrette hondagnue-sotelo -- Bridging boundaries of difference : intergroup contact between immigrants and natives in the context of work / Elizabeth Miller. |
| 520 ## - SUMMARY, ETC. |
| Summary, etc. |
Immigrants and their descendants are growing populations that are rapidly changing the racial/ethnic diversity of the United States and many societies across the globe. People migrate for a multitude of reasons but work - whether in the high-skilled, low-wage, or informal sectors of the economy--or the drive to establish a business, is the primary impetus. The goal of this volume is to bring together new empirical research and theoretical innovations from cutting-edge scholarship concentrating on the intersection of immigration and work. Research in this volume investigates how larger structural inequalities in sending and receiving nations, immigrant entry policies, group characteristics, and micro level processes, such as discrimination and access to ethnic networks, shape labor market outcomes, workplace experiences, and patterns of integration among immigrants and their descendants. |
| 588 0# - SOURCE OF DESCRIPTION NOTE |
| Source of description note |
Print version record |
| 650 #7 - SUBJECT ADDED ENTRY--TOPICAL TERM |
| Topical term or geographic name entry element |
Social Science |
| General subdivision |
Emigration & Immigration. |
| Source of heading or term |
bisacsh |
| 650 #7 - SUBJECT ADDED ENTRY--TOPICAL TERM |
| Topical term or geographic name entry element |
Social Science |
| General subdivision |
Sociology |
| -- |
General. |
| Source of heading or term |
bisacsh |
| 650 #7 - SUBJECT ADDED ENTRY--TOPICAL TERM |
| Topical term or geographic name entry element |
Sociology: work & labour. |
| Source of heading or term |
bicssc |
| 650 #7 - SUBJECT ADDED ENTRY--TOPICAL TERM |
| Topical term or geographic name entry element |
"Migration, immigration & emigration". |
| Source of heading or term |
bicssc |
| 650 #0 - SUBJECT ADDED ENTRY--TOPICAL TERM |
| Topical term or geographic name entry element |
Emigration and immigration. |
| 700 1# - ADDED ENTRY--PERSONAL NAME |
| Personal name |
Agius Vallejo, Jody. |
| 776 1# - ADDITIONAL PHYSICAL FORM ENTRY |
| International Standard Book Number |
9781784416324 |
| 830 #0 - SERIES ADDED ENTRY--UNIFORM TITLE |
| Uniform title |
Research in the sociology of work ; |
| Volume/sequential designation |
v. 27. |
| 856 40 - ELECTRONIC LOCATION AND ACCESS |
| Uniform Resource Identifier |
<a href="https://www.emerald.com/insight/publication/doi/10.1108/S0277-2833201527">https://www.emerald.com/insight/publication/doi/10.1108/S0277-2833201527</a> |